[Event "299th YMCA Winter D"]
[Site "Warsaw"]
[Date "2025.02.26"]
[Round "6"]
[White "Przybylik, Mariusz"]
[Black "Dabrowski, Leszek"]
[Result "1-0"]
[WhiteElo "1539"]
[BlackElo "1523"]
[PlyCount "120"]
[EventDate "2025.01.07"]
[EventType "tourn"]
[EventRounds "1"]
[EventCountry "POL"]
[SourceDate "2025.01.07"]

1. d4 Nf6 2. Nf3 g6 3. Bf4 d6 4. e3 Bg7 5. h3 c5 6. c3 Qb6 7. Qb3 Bf5 8. Nbd2
Nbd7 9. Bc4 Qxb3 10. axb3 h5 11. O-O O-O 12. Nh4 Kh7 13. Nxf5 gxf5 14. Nf3 d5
15. Be2 Ne4 16. Bb5 Ndf6 17. Bd3 Rfc8 18. dxc5 Rxc5 19. b4 Rcc8 20. Rfd1 Bh6
21. Be5 e6 22. Be2 a6 23. Nd2 b5 24. Nxe4 Nxe4 25. Bxh5 f6 26. Bf4 Bxf4 27.
exf4 Rc7 28. Bf3 Nd6 29. Re1 Ne4 30. Bxe4 fxe4 31. Re3 f5 32. Rd1 Rg7 33. Rg3
Rga7 34. Re3 a5 35. bxa5 Rxa5 36. f3 Ra2 37. Rd2 R8a4 38. fxe4 fxe4 39. Ree2 b4
40. Rd4 bxc3 41. Rxa4 Rxa4 42. bxc3 Ra3 43. Rc2 Kg6 44. Kf2 Kf5 45. g3 e5 46.
fxe5 Kxe5 47. h4 Ra4 48. Ke3 Ra3 49. Kf2 Ra4 50. Kg2 Rc4 51. Kf2 Kf5 52. Rd2
Ke6 53. Rc2 d4 54. Ra2 Rxc3 55. g4 Rh3 56. Ra6+ Kd5 57. Ra5+ Kc6 58. Ra4 e3+
59. Ke2 Rh2+ 60. Kd3 Rd2+ $138 1-0

[Event "299th YMCA Winter D"]
[Site "Warsaw"]
[Date "2025.02.18"]
[Round "7"]
[White "Dabrowski, Leszek"]
[Black "Matyszkiewicz, Radoslaw"]
[Result "0-1"]
[WhiteElo "1523"]
[BlackElo "1545"]
[PlyCount "56"]
[EventDate "2025.01.07"]
[EventType "tourn"]
[EventRounds "1"]
[EventCountry "POL"]
[SourceDate "2025.01.07"]

1. e4 c5 2. Nf3 e6 3. b4 cxb4 4. d4 Nf6 5. Bd3 Be7 6. a3 bxa3 7. Nxa3 Nc6 8. c3
a6 9. O-O d5 10. e5 Nd7 11. Re1 O-O 12. Bf4 f6 13. Qc2 f5 14. Qd2 h6 15. Bxh6
gxh6 16. Qxh6 Rf7 17. Qg6+ Kf8 18. Qxe6 Nf6 19. exf6 Bxe6 20. fxe7+ Qxe7 21. h4
Qf6 22. Ng5 Re8 23. Be2 Rg7 24. Bh5 Ree7 25. Re3 Rxg5 26. hxg5 Qxg5 27. Bf3 Qh6
28. Rae1 f4 0-1

[Event "299th YMCA Winter D"]
[Site "Warsaw"]
[Date "2025.02.18"]
[Round "7"]
[White "Ossolinski, Lukasz"]
[Black "Przybylik, Mariusz"]
[Result "0-1"]
[WhiteElo "1579"]
[BlackElo "1539"]
[PlyCount "84"]
[EventDate "2025.01.07"]
[EventType "tourn"]
[EventRounds "1"]
[EventCountry "POL"]
[SourceDate "2025.01.07"]

1. e4 c5 2. Nf3 Nc6 3. d4 cxd4 4. Nxd4 d6 5. c4 Nf6 6. Nc3 g6 7. Be2 Bg7 8. Be3
Bd7 9. O-O O-O 10. f3 Nxd4 11. Bxd4 Bc6 12. Qd2 Qc7 13. Rac1 Rfd8 14. Nd5 Bxd5
15. cxd5 Qb8 16. a4 a6 17. Bb6 Rc8 18. Rxc8+ Qxc8 19. Rc1 Qe8 20. Rc7 Nd7 21.
a5 Nxb6 22. axb6 Rb8 23. Qc2 Bd4+ 24. Kf1 Bxb6 25. Rc4 Bc5 26. b4 b5 27. bxc5
bxc4 28. cxd6 exd6 29. Qxc4 a5 30. Qc7 Qd8 31. Qc2 Qb6 32. Bd3 Qb4 33. Ke2 Qb2
34. Kd2 a4 35. g4 a3 36. h4 a2 37. Qxb2 Rxb2+ 38. Ke3 a1=Q 39. Kf4 Qc1+ 40. Kg3
Qe1+ 41. Kf4 Qd2+ 42. Kg3 Qh2# 0-1

[Event "299th YMCA Winter D"]
[Site "Warsaw"]
[Date "2025.02.20"]
[Round "7"]
[White "Grad, Krzysztof"]
[Black "Florczak, Witold"]
[Result "0-1"]
[WhiteElo "1420"]
[BlackElo "1471"]
[PlyCount "98"]
[EventDate "2025.01.07"]
[EventType "tourn"]
[EventRounds "1"]
[EventCountry "POL"]
[SourceDate "2025.01.07"]

1. Nf3 d5 2. g3 c6 3. Bg2 Bg4 4. d4 e6 5. Bf4 Bxf3 6. Bxf3 Ne7 7. O-O Nf5 8. e4
dxe4 9. Bxe4 Qxd4 10. Bxf5 Qxd1 11. Rxd1 exf5 12. Re1+ Kd8 13. Nc3 Bb4 14.
Rad1+ Kc8 15. Rd3 b5 16. a3 Ba5 17. Re7 Rf8 18. Bxb8 Rxb8 19. Rxa7 Bb6 20. Rad7
Rb7 21. Rxb7 Kxb7 22. b4 Rd8 23. Rxd8 Bxd8 24. Nd1 Bf6 25. c3 Kc7 26. f3 Kd6
27. Kf2 Kd5 28. Ke3 Kc4 29. Kd2 Kb3 30. h3 Bg5+ 31. f4 Bf6 32. Kd3 h6 33. Kd2
g6 34. Kc1 Bxc3 35. Nxc3 Kxc3 36. Kd1 Kb3 37. Kd2 Kxa3 38. Kc3 Ka4 39. g4 fxg4
40. hxg4 h5 41. gxh5 gxh5 42. Kd4 h4 43. Ke5 h3 44. f5 h2 45. Kf6 h1=Q 46. Kxf7
Kxb4 47. f6 c5 48. Ke7 Qh7+ 49. f7 Qxf7+ 0-1

[Event "299th YMCA Winter D"]
[Site "Warsaw"]
[Date "2025.02.18"]
[Round "7"]
[White "Kowalski, Artur"]
[Black "Jezierski, Artur"]
[Result "1-0"]
[WhiteElo "1466"]
[BlackElo "1421"]
[PlyCount "63"]
[EventDate "2025.01.07"]
[EventType "tourn"]
[EventRounds "1"]
[EventCountry "POL"]
[SourceDate "2025.01.07"]

1. e4 c6 2. d4 d5 3. exd5 cxd5 4. Bd3 Nf6 5. Bf4 Nc6 6. c3 Bg4 7. Qb3 Qd7 8.
Nd2 e6 9. h3 Bf5 10. Bxf5 exf5 11. Ngf3 Be7 12. O-O O-O 13. Ne5 Nxe5 14. dxe5
Ne4 15. Nxe4 dxe4 16. Rfd1 Qc7 17. Bh2 b6 18. e6 Qc6 19. Rd7 Rae8 20. Bd6 fxe6
21. Qxe6+ Rf7 22. Rd1 Kf8 23. Bxe7+ Rfxe7 24. Qxc6 Re6 25. Qb7 R6e7 26. Rxe7
Rxe7 27. Rd8+ Kf7 28. Rd7 Rxd7 29. Qxd7+ Kg6 30. Qxa7 Kg5 31. Qxg7+ Kf4 32.
Qg3# 1-0

[Event "299th YMCA Winter D"]
[Site "Warsaw"]
[Date "2025.02.25"]
[Round "8"]
[White "Matyszkiewicz, Radoslaw"]
[Black "Jezierski, Artur"]
[Result "1-0"]
[WhiteElo "1545"]
[BlackElo "1421"]
[PlyCount "41"]
[EventDate "2025.01.07"]
[EventType "tourn"]
[EventRounds "1"]
[EventCountry "POL"]
[SourceDate "2025.01.07"]

1. e4 c6 2. d4 d5 3. exd5 cxd5 4. Bd3 Nc6 5. c3 Nf6 6. h3 e5 7. dxe5 Nxe5 8.
Nf3 Nxf3+ 9. Qxf3 Be7 10. O-O O-O 11. Be3 b6 12. Nd2 Be6 13. Nb3 Rc8 14. Rad1
Qc7 15. Nd4 Bd7 16. Rfe1 Bd6 17. Bg5 Qd8 18. Nf5 Be6 19. Bxf6 gxf6 20. Qg4+ Kh8
21. Qg7# 1-0

[Event "299th YMCA Winter D"]
[Site "Warsaw"]
[Date "2025.02.26"]
[Round "8"]
[White "Florczak, Witold"]
[Black "Kozera, Konrad"]
[Result "1-0"]
[WhiteElo "1471"]
[BlackElo "1515"]
[PlyCount "122"]
[EventDate "2025.01.07"]
[EventType "tourn"]
[EventRounds "1"]
[EventCountry "POL"]
[SourceDate "2025.01.07"]

1. e4 c5 2. c3 d5 3. exd5 Qxd5 4. d4 cxd4 5. cxd4 Nc6 6. Nf3 e6 7. Nc3 Bb4 8.
Bd2 Qd8 9. a3 Ba5 10. Bc4 Nf6 11. O-O O-O 12. b4 Bc7 13. Be3 Ne7 14. Bg5 Ng6
15. d5 Re8 16. Bb5 Rf8 17. Bc4 e5 18. h3 h6 19. Be3 e4 20. Nd2 Qd6 21. g3 Bxh3
22. Re1 Qe5 23. Nb5 Bb8 24. d6 Bxd6 25. Nxd6 Qxd6 26. Bc5 Qc6 27. Nxe4 Rfd8 28.
Qf3 Nxe4 29. Bxf7+ Kh7 30. Qxe4 Qxe4 31. Rxe4 b6 32. Be3 Rd7 33. Be6 Re7 34.
Bd5 Rxe4 35. Bxe4 Re8 36. Bg2 Bxg2 37. Kxg2 Ne5 38. Rc1 Ng4 39. Bd4 Rd8 40. Bc3
Rd3 41. Kf1 Rf3 42. Rc2 Ne3+ 43. Ke2 Rxf2+ 44. Kxf2 Nxc2 45. Bb2 Kg6 46. Ke2
Kf5 47. Kd2 Nxa3 48. Bxa3 Kg4 49. Bb2 g5 50. Be5 Kf5 51. Bb8 a5 52. b5 a4 53.
Bc7 a3 54. Kc2 Ke4 55. Bxb6 Kd5 56. Bf2 g4 57. b6 Kc6 58. Kb3 a2 59. Kxa2 h5
60. Kb3 h4 61. gxh4 g3 1-0

[Event "299th YMCA Winter D"]
[Site "Warsaw"]
[Date "2025.02.25"]
[Round "8"]
[White "Przybylik, Mariusz"]
[Black "Grad, Krzysztof"]
[Result "1-0"]
[WhiteElo "1539"]
[BlackElo "1420"]
[PlyCount "55"]
[EventDate "2025.01.07"]
[EventType "tourn"]
[EventRounds "1"]
[EventCountry "POL"]
[SourceDate "2025.01.07"]

1. d4 d5 2. Bf4 Bf5 3. e3 e6 4. Nf3 Nc6 5. Bd3 Bd6 6. Bxd6 cxd6 7. Bxf5 exf5 8.
O-O Nf6 9. Nbd2 O-O 10. c4 Rc8 11. Qb3 Na5 12. Qd3 Ne4 13. cxd5 Nxd2 14. Nxd2
b6 15. Qxf5 Nc4 16. Nxc4 Rxc4 17. Rfc1 Rxc1+ 18. Rxc1 g6 19. Qc2 Qg5 20. Qc6
Rd8 21. Qc7 Re8 22. Re1 Qe7 23. Qxe7 Rxe7 24. Rc1 Kg7 25. g4 h6 26. Kg2 f6 27.
Rc6 Rd7 28. h4 1-0

[Event "299th YMCA Winter D"]
[Site "Warsaw"]
[Date "2025.02.25"]
[Round "8"]
[White "Dabrowski, Leszek"]
[Black "Ossolinski, Lukasz"]
[Result "0-1"]
[WhiteElo "1523"]
[BlackElo "1579"]
[PlyCount "32"]
[EventDate "2025.01.07"]
[EventType "tourn"]
[EventRounds "1"]
[EventCountry "POL"]
[SourceDate "2025.01.07"]

1. e4 c5 2. Nf3 e6 3. b4 cxb4 4. d4 d5 5. e5 Nc6 6. a3 bxa3 7. c3 Nh6 8. Bxh6
gxh6 9. Bd3 Qa5 10. Nfd2 a2 11. Qc2 axb1=Q+ 12. Rxb1 a6 13. O-O Qc7 14. Ra1 Bd7
15. f4 Rc8 16. Bxh7 Nb4 0-1

[Event "299th YMCA Winter D"]
[Site "Warsaw"]
[Date "2025.03.04"]
[Round "9"]
[White "Ossolinski, Lukasz"]
[Black "Matyszkiewicz, Radoslaw"]
[Result "1/2-1/2"]
[WhiteElo "1579"]
[BlackElo "1545"]
[PlyCount "48"]
[EventDate "2025.01.07"]
[EventType "tourn"]
[EventRounds "1"]
[EventCountry "POL"]
[SourceDate "2025.01.07"]

1. e4 c5 2. Nf3 e6 3. d4 cxd4 4. Nxd4 a6 5. c4 Qc7 6. Nc3 Nf6 7. Be2 Nc6 8. O-O
Be7 9. Nxc6 bxc6 10. f4 d6 11. Be3 O-O 12. Rc1 Bb7 13. Bf3 Nd7 14. Qd2 Rad8 15.
Qf2 Nc5 16. Rfd1 f5 17. exf5 exf5 18. b4 Nd7 19. Na4 Qb8 20. Qc2 c5 21. Bxb7
Qxb7 22. bxc5 Qa7 23. Qe2 Nxc5 24. Bf2 Qc7 $11 1/2-1/2

[Event "299th YMCA Winter D"]
[Site "Warsaw"]
[Date "2025.03.04"]
[Round "9"]
[White "Grad, Krzysztof"]
[Black "Dabrowski, Leszek"]
[Result "0-1"]
[WhiteElo "1420"]
[BlackElo "1523"]
[PlyCount "56"]
[EventDate "2025.01.07"]
[EventType "tourn"]
[EventRounds "1"]
[EventCountry "POL"]
[SourceDate "2025.01.07"]

1. Nf3 Nf6 2. g3 d5 3. Bg2 Nbd7 4. d4 g6 5. O-O Bg7 6. Nc3 c6 7. Bg5 h6 8. Be3
Ng4 9. Qd3 Nxe3 10. Qxe3 O-O 11. Qd2 Nf6 12. Ne5 Bf5 13. f3 h5 14. e4 dxe4 15.
fxe4 Nxe4 16. Nxe4 Bxe4 17. Nxf7 Bxd4+ 18. Kh1 Bxg2+ 19. Kxg2 Rxf7 20. Rf3 Qd5
21. Raf1 Raf8 22. Qe2 Rxf3 23. Rxf3 g5 24. c4 Qxf3+ 25. Qxf3 Rxf3 26. Kxf3 Bxb2
27. Ke4 e6 28. a4 Kf7 0-1

[Event "299th YMCA Winter D"]
[Site "Warsaw"]
[Date "2025.03.04"]
[Round "9"]
[White "Kozera, Konrad"]
[Black "Przybylik, Mariusz"]
[Result "1/2-1/2"]
[WhiteElo "1515"]
[BlackElo "1539"]
[PlyCount "110"]
[EventDate "2025.01.07"]
[EventType "tourn"]
[EventRounds "1"]
[EventCountry "POL"]
[SourceDate "2025.01.07"]

1. e4 c5 2. Nf3 d6 3. d4 cxd4 4. Nxd4 Nf6 5. Nc3 Nc6 6. Bg5 e6 7. Qd2 Be7 8.
O-O-O Nxd4 9. Qxd4 O-O 10. Kb1 Qa5 11. Qd2 Rd8 12. f3 a6 13. Ne2 Qxd2 14. Bxd2
d5 15. e5 Nd7 16. f4 b6 17. g3 Bb7 18. Bg2 b5 19. Nd4 Bc5 20. Nb3 Bb6 21. Ba5
Rdc8 22. Bxb6 Nxb6 23. Na5 Rab8 24. b3 Ba8 25. b4 Nc4 26. Nxc4 Rxc4 27. a3 Rbc8
28. Rc1 Rc3 29. Kb2 Re3 30. Rhe1 Rec3 31. Red1 Kf8 32. Rd3 R3c4 33. c3 Ke7 34.
Rd4 R8c7 35. Rxc4 bxc4 36. a4 Bc6 37. a5 Ba4 38. Bf3 Kd7 39. Bd1 Bxd1 40. Rxd1
Rb7 41. h3 Ke7 42. g4 g6 43. g5 Rb8 44. Rf1 Kd7 45. h4 Kc6 46. Rh1 h5 47. Rd1
Kb5 48. Ka3 Rd8 49. Rd4 Rd7 50. Kb2 Ka4 51. Ka2 Kb5 52. Ka3 Rd8 53. Kb2 Rd7 54.
Ka3 Rd8 55. Kb2 Rd7 1/2-1/2

[Event "299th YMCA Winter D pff"]
[Site "Warsaw"]
[Date "2025.03.13"]
[Round "10"]
[White "Kozera, Konrad"]
[Black "Matyszkiewicz, Radoslaw"]
[Result "1/2-1/2"]
[WhiteElo "1511"]
[BlackElo "1546"]
[PlyCount "115"]
[EventDate "2025.03.12"]
[EventType "tourn"]
[EventRounds "2"]
[EventCountry "POL"]
[SourceDate "2025.01.07"]

1. e4 c5 2. Nf3 e6 3. d4 cxd4 4. Nxd4 a6 5. Bd3 Qc7 6. O-O Nf6 7. Qe2 d6 8. c4
Nc6 9. Nxc6 bxc6 10. Nc3 Be7 11. Be3 Bb7 12. f4 h5 13. h3 h4 14. f5 e5 15. b3
Nh5 16. Qg4 Bf6 17. Rad1 Qe7 18. Bc2 Rd8 19. Rd2 Ng3 20. Rfd1 Rg8 21. Bc5 Bg5
22. Rxd6 Rxd6 23. Bxd6 Be3+ 24. Kh2 Qxd6 25. Rxd6 Nf1+ $11 26. Kh1 Ng3+ 27.
Qxg3 hxg3 28. Rd3 Bf4 29. Na4 Ke7 30. c5 g6 31. Nb6 Rd8 32. Rxd8 Kxd8 33. fxg6
fxg6 34. Nc4 Bc8 35. Bd3 Kc7 36. Kg1 g5 37. Be2 Be6 38. Nb2 Be3+ 39. Kf1 a5 40.
Bc4 Bd4 41. Nd3 Bd7 42. a3 Bc8 43. b4 axb4 44. axb4 Bd7 45. Bf7 Bc8 46. Bg6 Ba6
47. Ke2 Bc3 48. Ke3 Bd4+ 49. Kd2 Bxd3 50. Kxd3 Kd7 51. Bf5+ Kc7 52. Kc4 Be3 53.
b5 cxb5+ 54. Kxb5 Bd4 55. Be6 Be3 $11 56. Bd5 Bd4 57. Kc4 Be3 58. Kb5 $11
1/2-1/2

[Event "299th YMCA Winter D pff"]
[Site "Warsaw"]
[Date "2025.03.13"]
[Round "10"]
[White "Przybylik, Mariusz"]
[Black "Florczak, Witold"]
[Result "0-1"]
[WhiteElo "1541"]
[BlackElo "1462"]
[PlyCount "155"]
[EventDate "2025.03.12"]
[EventType "tourn"]
[EventRounds "2"]
[EventCountry "POL"]
[SourceDate "2025.01.07"]

1. d4 Nf6 2. Nf3 g6 3. Bf4 Bg7 4. c4 O-O 5. Nc3 d6 6. h3 Re8 7. e4 Nbd7 8. Bd3
Nh5 9. Bh2 e5 10. d5 a5 11. a4 Nc5 12. O-O Nxd3 13. Qxd3 f5 14. exf5 Bxf5 15.
Ne4 b6 16. Nfd2 Nf6 17. Nxf6+ Qxf6 18. Ne4 Qh4 19. f3 Rf8 20. Rae1 Bh6 21. Qe2
Bxe4 22. Qxe4 Qxe4 $11 23. Rxe4 Rf7 24. b3 Raf8 25. Bg3 Rf5 26. Rfe1 Bf4 27.
Bf2 Bh6 28. Rb1 Ra8 29. Be1 Rf4 30. Rxf4 Bxf4 31. Kf2 Rf8 32. Ke2 Re8 33. Kd3
Kf7 34. Kc3 e4 35. g3 Be5+ 36. Kd2 exf3 37. Bf2 Bf6 38. Re1 Rxe1 39. Kxe1 Bc3+
40. Kf1 g5 41. Be3 Kf6 42. Kf2 h5 43. Kxf3 Kg6 44. Ke4 Kf6 45. h4 gxh4 46. gxh4
Kg6 47. Bf2 Kf6 48. Kf4 Kg6 49. Ke4 Kf6 50. Kd3 Be5 51. Be1 Kf5 52. Ke3 Kg4 53.
Ke4 Bf6 54. b4 axb4 55. Bxb4 Bxh4 56. a5 bxa5 57. Bxa5 Bd8 58. Bd2 h4 59. Bf4
h3 60. Bh2 Bh4 61. c5 Bg3 62. cxd6 Bxd6 63. Bg1 Kg3 64. Kf5 h2 65. Bxh2+ Kxh2
66. Ke4 Kg3 67. Ke3 Kg4 68. Ke4 Kg5 69. Kd4 Kf5 70. Kc4 Ke5 71. Kd3 Kxd5 72.
Kc3 Kc5 73. Kd3 c6 74. Kc2 Kc4 75. Kb2 Kd3 76. Kc1 c5 77. Kb1 Kd2 78. Ka2 0-1

[Event "299th YMCA Winter D pff"]
[Site "Warsaw"]
[Date "2025.03.11"]
[Round "10"]
[White "Kowalski, Artur"]
[Black "Ossolinski, Lukasz"]
[Result "1/2-1/2"]
[WhiteElo "1452"]
[BlackElo "1579"]
[PlyCount "111"]
[EventDate "2025.03.12"]
[EventType "tourn"]
[EventRounds "2"]
[EventCountry "POL"]
[SourceDate "2025.01.07"]

1. e4 d5 2. exd5 Nf6 3. d4 Bg4 4. Nf3 Qxd5 5. Be2 Nc6 6. c3 e5 7. dxe5 Bxf3 8.
Bxf3 Qxd1+ 9. Bxd1 Nxe5 10. O-O O-O-O 11. Bc2 Bc5 12. Nd2 Nd3 13. Nb3 Nxc1 14.
Raxc1 Bb6 15. h3 Rhe8 16. Rfe1 Nh5 17. Kf1 Nf4 18. Rcd1 Rxd1 19. Rxd1 g6 20.
Rd2 c6 21. h4 Re5 22. g3 Ne6 23. Re2 Rxe2 24. Kxe2 f5 25. Nd2 Kd7 26. h5 Ke7
27. hxg6 hxg6 28. f3 Bc7 29. Kf2 Kf6 30. b3 Be5 31. c4 c5 32. Nf1 Bd4+ 33. Kg2
a6 34. g4 Nf4+ 35. Kg3 Ne2+ 36. Kg2 b5 37. cxb5 axb5 38. a4 bxa4 39. bxa4 c4
40. gxf5 c3 41. fxg6 Nf4+ 42. Kg3 Nxg6 43. Nh2 Be5+ 44. Kg2 Nf4+ 45. Kh1 Ke6
46. Ng4 Bd4 47. Kh2 Nd5 48. Bb3 Kd6 49. Nh6 Ne3 50. Kh3 Kc5 51. Ng4 Nc4 52. f4
Kb4 53. Bc2 Nb2 54. f5 Nxa4 55. f6 Bxf6 56. Nxf6 1/2-1/2

[Event "299th YMCA Winter D pff"]
[Site "Warsaw"]
[Date "2025.03.18"]
[Round "11"]
[White "Matyszkiewicz, Radoslaw"]
[Black "Florczak, Witold"]
[Result "1-0"]
[WhiteElo "1546"]
[BlackElo "1471"]
[PlyCount "95"]
[EventDate "2025.03.12"]
[EventType "tourn"]
[EventRounds "2"]
[EventCountry "POL"]
[SourceDate "2025.01.07"]

1. e4 c6 2. d4 d5 3. exd5 cxd5 4. Bd3 Nc6 5. c3 Nf6 6. h3 g6 7. Nf3 Bf5 8. Bxf5
gxf5 9. Bf4 e6 10. O-O Nh5 11. Bg5 Be7 12. Bxe7 Qxe7 13. Re1 Rg8 14. g3 Qd6 15.
Ne5 Nxg3 16. fxg3 Rxg3+ 17. Kh2 Rg5 18. h4 Rg7 19. Kh1 O-O-O 20. Nd2 Rdg8 21.
Ndf3 Rg3 22. Rg1 Rxg1+ 23. Nxg1 Nxe5 24. dxe5 Qxe5 25. Qf3 Rg4 26. Qf2 b6 27.
Nf3 Qf4 28. Rg1 h5 29. Qe2 Kc7 30. Rxg4 fxg4 31. Ng5 e5 32. Kg2 Kc6 33. a4 f6
34. Qb5+ Kb7 35. Qxd5+ Ka6 36. Qb5+ Kb7 37. Qd5+ Ka6 38. Ne6 Qf3+ 39. Qxf3
gxf3+ 40. Kxf3 b5 41. Nc7+ Kb6 42. Nxb5 a6 43. Nd6 Kc6 44. Nf5 Kc5 45. b3 a5
46. Ng3 Kd5 47. Nxh5 f5 48. Ng3 1-0

[Event "299th YMCA Winter D pff"]
[Site "Warsaw"]
[Date "2025.03.18"]
[Round "11"]
[White "Przybylik, Mariusz"]
[Black "Kozera, Konrad"]
[Result "0-1"]
[WhiteElo "1539"]
[BlackElo "1515"]
[PlyCount "72"]
[EventDate "2025.03.12"]
[EventType "tourn"]
[EventRounds "2"]
[EventCountry "POL"]
[SourceDate "2025.01.07"]

1. d4 Nf6 2. Nf3 g6 3. c4 Bg7 4. Nc3 d6 5. e4 Nbd7 6. Be2 O-O 7. h3 e5 8. d5
Nc5 9. Bg5 h6 10. Bxf6 Qxf6 11. b4 Nd7 12. O-O a5 13. a3 b6 14. Nb5 Qd8 15. Rb1
Nf6 16. Nd2 Nh7 17. Bg4 f5 18. exf5 gxf5 19. Be2 Nf6 20. Bd3 e4 21. Be2 f4 22.
Bg4 Nxg4 23. hxg4 f3 24. Nxe4 fxg2 25. Kxg2 Rf4 26. f3 axb4 27. Rxb4 h5 28. Qe1
hxg4 29. fxg4 Rxg4+ 30. Ng3 Be5 31. Rf3 Qh4 32. Rbb3 Rxc4 33. Qh1 Rc2+ 34. Kg1
Bh3 35. Ne2 Qe1+ 36. Rf1 Qxf1# 0-1

[Event "299th YMCA Winter D pff"]
[Site "Warsaw"]
[Date "2025.03.18"]
[Round "11"]
[White "Ossolinski, Lukasz"]
[Black "Dabrowski, Leszek"]
[Result "1-0"]
[WhiteElo "1579"]
[BlackElo "1520"]
[PlyCount "35"]
[EventDate "2025.03.12"]
[EventType "tourn"]
[EventRounds "2"]
[EventCountry "POL"]
[SourceDate "2025.01.07"]

1. e4 d5 2. exd5 Nf6 3. d4 Bg4 4. f3 Bf5 5. c4 e6 6. dxe6 Bb4+ 7. Bd2 Qe7 8.
Qa4+ Nc6 9. d5 Bxd2+ 10. Nxd2 Qb4 11. Qxb4 Nxb4 12. exf7+ Kxf7 13. Kf2 Rad8 14.
a3 Nc2 15. Rc1 c6 16. Ne2 cxd5 17. Nf4 d4 18. g4 1-0